000 00764nam a2200229Ia 4500
001 13115
003 GE_BSU
008 181216s||||||||xx |||||||||||||| ||und||
020 _a9789941434754
040 _cGE_BSU
080 _a94(479.223)
100 _aგოგიტიძე, სიმონ
245 _aხაიასა:სომხური თუ ქართველური სამყარო
245 _cრედ.გ.მარხულია
260 _aბათუმი
260 _bბათუმის უნ-ტი
260 _c2014
300 _a317გვ.21სმ.
541 _h8ლ.21თ.
653 _aხაიასა:სომხური თუ ქართველური სამყარო
942 _cBK
999 _c46281
_d46281